header

Roots of human sociality : (Record no. 250258)

MARC details
000 -LEADER
fixed length control field 01245cam a2200349 a 4500
001 - CONTROL NUMBER
control field 14433912
003 - CONTROL NUMBER IDENTIFIER
control field OSt
005 - DATE AND TIME OF LATEST TRANSACTION
control field 20151007145300.0
008 - FIXED-LENGTH DATA ELEMENTS--GENERAL INFORMATION
fixed length control field 060630s2006 nyua b 001 0 eng
010 ## - LIBRARY OF CONGRESS CONTROL NUMBER
LC control number 2006021669
020 ## - INTERNATIONAL STANDARD BOOK NUMBER
International Standard Book Number 9781845203948 (pbk.)
International Standard Book Number 1845203941 (pbk.)
International Standard Book Number 9781845203931 (cloth)
International Standard Book Number 1845203933 (cloth)
040 ## - CATALOGING SOURCE
Original cataloging agency DLC
Transcribing agency DLC
Modifying agency DLC
050 00 - LIBRARY OF CONGRESS CALL NUMBER
Classification number HM1111
Item number .R67 2006
082 00 - DEWEY DECIMAL CLASSIFICATION NUMBER
Classification number 306.01
Edition number 22
245 00 - TITLE STATEMENT
Title Roots of human sociality :
Remainder of title culture, cognition and interaction /
Statement of responsibility, etc edited by N.J. Enfield and Stephen C. Levinson.
250 ## - EDITION STATEMENT
Edition statement English ed.
260 ## - PUBLICATION, DISTRIBUTION, ETC. (IMPRINT)
Place of publication, distribution, etc New York, NY :
Name of publisher, distributor, etc Berg,
Date of publication, distribution, etc 2006.
300 ## - PHYSICAL DESCRIPTION
Extent xiv, 529 p. :
Other physical details ill. ;
Dimensions 23 cm.
490 0# - SERIES STATEMENT
Series statement Wenner-gren international symposium series
504 ## - BIBLIOGRAPHY, ETC. NOTE
Bibliography, etc Includes bibliographical references and index.
650 #0 - SUBJECT ADDED ENTRY--TOPICAL TERM
Topical term or geographic name as entry element Social interaction.
Topical term or geographic name as entry element Human evolution.
Topical term or geographic name as entry element Social evolution.
700 1# - ADDED ENTRY--PERSONAL NAME
Personal name Enfield, N. J.,
Dates associated with a name 1966-
Personal name Levinson, Stephen C.
906 ## - LOCAL DATA ELEMENT F, LDF (RLIN)
a 7
b cbc
c orignew
d 1
e ecip
f 20
g y-gencatlg
942 ## - ADDED ENTRY ELEMENTS (KOHA)
Source of classification or shelving scheme Library of Congress Classification
Koha item type Long Loan Books
Holdings
Withdrawn status Lost status Source of classification or shelving scheme Damaged status Not for loan Collection code Home library Current library Shelving location Date acquired Total Checkouts Full call number Barcode Date last seen Price effective from Koha item type
    Library of Congress Classification     Non-fiction Rongo University Library Rongo University Library General Stacks 07/10/2015   HM1111 .R67 2006 20091489 07/10/2015 07/10/2015 Long Loan Books

© 2026 Rongo University
Contact us: librarian | system librarian | Rongo university